00277 a2200109 4500000002500000020001500025100002100040245005000061250000600111260002800117264002200145 nam a22 7a 4500 a1576450082 aPefley,Richard K aMechanical engineering problems and solutions a6 bEngineering Pressc1997 bEngineering Press